00583nam a2200205Ia 4500003000400000008004100004040001600045082001800061100002000079245008700099700001900186700002100205260004600226300000800272650001800280650001400298650002200312650002500334650001800359GCL140319s9999 xx 000 0 eng d aGCL / cGCL04a658.8342bH C1 aHAWKINS, DEL I.10aCONSUMER BEHAVIOR: IMPLICATION FOR MARKETING STRATEGY , 6TH ED / cHAWKINS, DEL I.1 aBEST, REGER J.1 aCONEY, KENNETR A a[S.N] : bRICHARD D. IRWIN, INC ، c1994 a64904aUNITED STATES04aMARKETING04aCONSUMER BEHAVIOR04aMARKETING - STRATEGY04aMARKET SURVEY